Stories from the Odyssey / (Record no. 20607)
[ view plain ]
| 000 -LEADER | |
|---|---|
| fixed length control field | 00811nam a2200265u 4500 |
| 001 - CONTROL NUMBER | |
| control field | 20607 |
| 003 - CONTROL NUMBER IDENTIFIER | |
| rucl marc code | BD-RjUL |
| 005 - DATE AND TIME OF LATEST TRANSACTION | |
| control field | 20211209000604.0 |
| 008 - FIXED-LENGTH DATA ELEMENTS--GENERAL INFORMATION | |
| fixed length control field | 140301s1915 enka 000 1 eng |
| 035 ## - SYSTEM CONTROL NUMBER | |
| System control number | (BD-RjUL)20669 |
| 040 ## - CATALOGING SOURCE | |
| Original cataloging agency | DLC |
| Transcribing agency | CarP |
| Modifying agency | DLC |
| -- | BD-RjUL |
| Language of cataloging | eng |
| 041 ## - LANGUAGE CODE | |
| Language code of text/sound track or separate title | eng |
| 082 ## - DEWEY DECIMAL CLASSIFICATION NUMBER | |
| Classification number | 883 |
| Author mark and year | STO 1915 |
| 245 10 - TITLE STATEMENT | |
| Title | Stories from the Odyssey / |
| Statement of responsibility, etc. | Retold by H. L. Havell |
| 260 ## - PUBLICATION, DISTRIBUTION, ETC. (IMPRINT) | |
| Place of publication, distribution, etc. | London : |
| Name of publisher, distributor, etc. | Evans Bros , |
| Date of publication, distribution, etc. | 1915. |
| 300 ## - PHYSICAL DESCRIPTION | |
| Pagination | xix, 235 p. : |
| Illustrations | ill. ; |
| Size | 20 cm. |
| 650 #0 - SUBJECT ADDED ENTRY--TOPICAL TERM | |
| Topical term or geographic name as entry element | Odysseus (Greek mythology) |
| 9 (RLIN) | 60394 |
| Topical term or geographic name as entry element | Epic poetry, Greek |
| Form subdivision | Translations into English. |
| 9 (RLIN) | 63587 |
| Topical term or geographic name as entry element | Basic English |
| Form subdivision | Texts. |
| 9 (RLIN) | 63588 |
| 700 1# - ADDED ENTRY--PERSONAL NAME | |
| Personal name | Havell, H. L. |
| 942 ## - ADDED ENTRY ELEMENTS (KOHA) | |
| Source of classification or shelving scheme | Dewey Decimal Classification |
| Koha item type | Books |
| Lost status | Source of classification or shelving scheme | Damaged status | Not for loan | Collection code | Permanent Location | Current Location | Shelving location | Date acquired | Source of acquisition | Total Checkouts | Full call number | Date last seen | Copy number | Koha item type |
|---|---|---|---|---|---|---|---|---|---|---|---|---|---|---|
| Dewey Decimal Classification | Fiction | Central Library, University of Rajshahi | Central Library, University of Rajshahi | Reading Room | 16/02/1957 | Puthia royestate | 883 STO 1915 | 01/03/2014 | C-1 | Books |